000 00754nam a2200241 a 4500
001 60879
003 BD-RjUL
005 20211209080907.0
008 170104s1949 ii 001 0 eng
035 _a(BD-RjUL)61003
040 _aDLC
_cDLC
_beng
_dBD-RjUL
041 _aeng
082 0 0 _a346.04
_223
_bMUT 1949
100 _aMulla, Dinshah Farduyi
_9181499
245 1 4 _aThe Transfer of Property Act /
_cDinshah Farduyi Mulla
260 _aCalcutta :
_bEastern Law House,
_c1949.
300 _acxxvi, 886 p. ;
_c25 cm.
500 _aInclude index
650 _aVendors and purchasers
_zPakistan.
_9181500
650 _aLand titles
_xRegistration and transfer
_zPakistan.
_9181501
650 _aTransfer (Law)
_zPakistan.
_9181502
942 _2ddc
_cBK
999 _c60879
_d60879